000 01200nam a2200325 i 4500
003 DO-SdBNP
005 20241112091919.0
006 a||||gr|||| 00| 0
007 ta
008 240207e2023 dr ao||| |||| 00| p spa d
020 _a9789945484632
040 _aDO-SdBNP
_bspa
_cBNPHU
_erda
041 _aspa
082 4 _aRD861.5
_bB826a
_222
100 1 _aBravo, Gesmalin
_4aut,
_eautor
_984872
_d2001
245 1 0 _aAgua de pétalos azules :
_b(poesía) /
_cGesmalin Bravo
264 1 _aSan Cristóbal, República Dominicana :
_bFlam,
_c2023
300 _a78 páginas :
_bIlustraciones, fotografías, retratos ;
_c23 cm.
336 _atexto
_btxt
_2rdacontent
337 _asin mediación
_bn
_2rdamedia
338 _avolumen
_bnc
_2rdacarrier
500 _aIncluye datos biográficos de la autora en las solapas de las cubiertas.
500 _aIncluye publicaciones de la FLAM (1998 - 2023).
590 _aInventariado 2024 / MF
650 7 _aPoesía dominicana
_978060
_2LEMB
650 7 _aLiteratura dominicana.
_981340
_2LEMB
710 2 _aFundación Literaria Aníbal Montaño (San Cristóbal, República Dominicana)
_972768
910 _aValidado. Control de calidad MFF
942 _2ddc
_cLBS1
999 _c55833
_d55833